| 000 | 01079pam a2200205 a 4500 | ||
|---|---|---|---|
| 999 |
_c4649 _d4649 |
||
| 020 | _a0394347404 (pbk.) : | ||
| 020 | _a 9780394347400 | ||
| 050 | 0 | 0 |
_aKF8700.A7 _bC67 |
| 245 | 0 | 0 |
_aCourts, judges, and politics : _ban introduction to the judicial process / _c[edited by] Walter F. Murphy, C. Herman Pritchett. |
| 250 | _a4th ed. | ||
| 260 |
_aNew York : _bRandom House, _cc1986. |
||
| 300 |
_axiv, 657 p. ; _c24 cm. |
||
| 500 | _aIncludes case index. | ||
| 505 | _a Political jurisprudence -- Courts and social policy -- Judicial organization -- Judicial Recruitment and Selection -- Access to judicial power -- Instruments of judicial power -- Limitations on judicial power -- The impact of Judicial decisions -- Fact finding in the courts Precedents and legal reasoning -- Statutory interpretation -- Constitutional interpretation -- The processes of judicial decision making -- The Search for standards - | ||
| 650 | 0 | _aJudicial process | |
| 650 | 0 |
_aLaw _xPolitical aspects. |
|
| 700 | 1 | _aMurphy, Walter F., | |
| 700 | 1 | _aPritchett, C. Herman | |
| 942 | _cBK | ||